| 000 | 00637cab a2200229 4500 | ||
|---|---|---|---|
| 008 | 090401t1999 xxu||||| |||| 00| 0 eng d | ||
| 035 | _a(Sirsi) u163 | ||
| 041 | _aeng | ||
| 100 | _aWatt, A. | ||
| 245 | _aStrategic Rural Partnerships, COSLA and the Scottish Parliament | ||
| 260 | _c1999 | ||
| 350 | _a0 | ||
| 490 |
_aEnvironmental & Waste Management _v2(3) 1999, 211-216(6) |
||
| 650 | _aCONVENTION OF SCOTTISH LOCAL AUTHORITIES | ||
| 650 | _aCOSLA | ||
| 650 | _aRURAL COMMUNITIES | ||
| 650 | _aSCOTTISH PARLIAMENT | ||
| 650 | _aSTRATEGIC RURAL PARTNERSHIPS | ||
| 690 | _aRURAL PRACTICE | ||
| 942 | _n0 | ||
| 948 | _c02/09/1999 | ||
| 999 |
_c66 _d66 |
||